| 000 | 01169cam a22003255a 4500 | ||
|---|---|---|---|
| 001 | 015782317 | ||
| 003 | OSt | ||
| 005 | 20171123111307.0 | ||
| 008 | 100407t2011 fr a frb 001 0 eng d | ||
| 020 | _a291255067X | ||
| 020 | _a9782912550675 | ||
| 040 |
_aYDXCP _beng _cYDXCP _dJAA _dUk _dEG-ScBUE |
||
| 041 | 1 |
_aeng _hfre |
|
| 082 | 0 | 4 |
_222 _a617.643 _bBOU |
| 100 | 1 | _aBouchez, Richard. | |
| 240 | 1 | 0 |
_aTraitements orthodontique Invisalign. _lEnglish |
| 245 | 1 | 0 |
_aClinical success in Invisalign orthodontic treatment / _cRichard Bouchez. |
| 246 | 1 | 3 | _aInvisalign orthodontic treatment |
| 260 |
_aParis : _bQuintessence, _cc.2011. |
||
| 300 |
_a126 p. : _bill. (some col.) ; _c28 cm. |
||
| 500 | _a"First published in French in 2009 by Quintessence International, Paris. Les traitements orthodontiques Invisalign." | ||
| 504 | _aIncludes bibliographical references and index. | ||
| 546 | _aText in English ; translated from French. | ||
| 650 | 7 |
_aOrthodontics, Corrective. _2BUEsh _939693 |
|
| 650 | 7 |
_aOrthodontic appliances. _2BUEsh _939694 |
|
| 650 | 7 |
_aOrthodontics _xDiagnosis. _2BUEsh |
|
| 651 | _2BUEsh | ||
| 653 |
_bDDent _cNovember2017 |
||
| 942 | _2ddc | ||
| 999 |
_c25650 _d25622 |
||